| 000 | 00347nam a2200133Ia 4500 | ||
|---|---|---|---|
| 008 | 231228s1999 xx 000 0 und d | ||
| 041 | _aeng | ||
| 082 |
_a658.1511 _bLAL |
||
| 100 | _aLAL (Jawahar) | ||
| 245 | _aManagerial Accounting | ||
| 250 | _a2nd | ||
| 260 |
_aNew Delhi _bHimalaya Publishing House Mumbai, New Delhi _c1999 |
||
| 300 | _a870 | ||
| 999 |
_c1086305 _d1086305 |
||